Numerical Analysis of Foundation Waterlogged Area (Record no. 66723)

MARC details
000 -LEADER
fixed length control field 00312nam a22001217a 4500
082 ## - DEWEY DECIMAL CLASSIFICATION NUMBER
Classification number R/4CE16
100 ## - MAIN ENTRY--AUTHOR NAME
Personal name Bi;awa; Ali
-- 16CE42
245 ## - TITLE STATEMENT
Title Numerical Analysis of Foundation Waterlogged Area
260 ## - PUBLICATION, DISTRIBUTION, ETC. (IMPRINT)
Place of publication Nawabshah
Name of publisher QUEST
Year of publication 2019
300 ## - PHYSICAL DESCRIPTION
Number of Pages 24
700 ## - ADDED ENTRY--PERSONAL NAME
Personal name Department of Civil Engineering
942 ## - ADDED ENTRY ELEMENTS (KOHA)
Koha item type Thesis and Dissertation
Holdings
Withdrawn status Lost status Home library Current library Date acquired Full call number Accession Number Koha item type
    Central Library, QUEST, Nawabshah Research Section 26/11/2020 R/4CE16 CEP/55-697 Thesis and Dissertation